Logo klubów NBA - zaznaczanie pól - Statystyki

Ogólne statystyki
  • Ten quiz został rozwiązany 465 razy
  • Średni wynik to 31 z 45
Statystyki odpowiedzi
Zagadnienie Komórka Select % Poprawnych
Które z poniższych są logami drużyn NBA? Tak
98%
Które z poniższych są logami drużyn NBA? Nie
98%
Które z poniższych są logami drużyn NBA? Nie
97%
Które z poniższych są logami drużyn NBA? Nie
96%
Które z poniższych są logami drużyn NBA? Nie
94%
Które z poniższych są logami drużyn NBA? Tak
93%
Które z poniższych są logami drużyn NBA? Tak
92%
Które z poniższych są logami drużyn NBA? Tak
92%
W której z tych drużyn grał Shaq w swojej karierze? Tak
92%
W której z tych drużyn grał Shaq w swojej karierze? Nie
92%
W której z tych drużyn grał Shaq w swojej karierze? Nie
92%
Które z poniższych są logami drużyn NBA? Nie
91%
Która z tych drużyn zdobyła mistrzostwo NBA? Tak
90%
Która z tych drużyn gra w Konferencji Zachodniej NBA? Nie
84%
W której z tych drużyn grał Shaq w swojej karierze? Tak
80%
Która z tych drużyn zdobyła mistrzostwo NBA? Tak
79%
Która z tych drużyn zdobyła mistrzostwo NBA? Tak
74%
Która z tych drużyn gra w Konferencji Zachodniej NBA? Tak
69%
Która z tych drużyn zdobyła mistrzostwo NBA? Tak
68%
W której z tych drużyn grał Shaq w swojej karierze? Tak
66%
Która z tych drużyn gra w Konferencji Zachodniej NBA? Tak
65%
Która z tych drużyn zdobyła mistrzostwo NBA? Nie
63%
Która z tych drużyn gra w Konferencji Zachodniej NBA? Tak
63%
W której z tych drużyn grał Shaq w swojej karierze? Nie
62%
Która z tych drużyn gra w Konferencji Zachodniej NBA? Tak
61%
Która z tych drużyn pierwotnie powstała w innym mieście? Tak
61%
W której z tych drużyn grał Shaq w swojej karierze? Nie
60%
Która z tych drużyn zdobyła mistrzostwo NBA? Nie
60%
W której z tych drużyn grał Shaq w swojej karierze? Nie
57%
Która z tych drużyn pierwotnie powstała w innym mieście? Nie
57%
Która z tych drużyn pierwotnie powstała w innym mieście? Nie
55%
Która z tych drużyn gra w Konferencji Zachodniej NBA? Tak
54%
Która z tych drużyn zdobyła mistrzostwo NBA? Nie
53%
Która z tych drużyn pierwotnie powstała w innym mieście? Nie
52%
Która z tych drużyn gra w Konferencji Zachodniej NBA? Nie
51%
Która z tych drużyn pierwotnie powstała w innym mieście? Tak
51%
Która z tych drużyn gra w Konferencji Zachodniej NBA? Nie
50%
Która z tych drużyn pierwotnie powstała w innym mieście? Nie
50%
Która z tych drużyn zdobyła mistrzostwo NBA? Nie
49%
Która z tych drużyn gra w Konferencji Zachodniej NBA? Nie
49%
W której z tych drużyn grał Shaq w swojej karierze? Tak
47%
Która z tych drużyn pierwotnie powstała w innym mieście? Tak
42%
Która z tych drużyn pierwotnie powstała w innym mieście? Tak
38%
Która z tych drużyn pierwotnie powstała w innym mieście? Tak
38%
Która z tych drużyn zdobyła mistrzostwo NBA? Tak
29%
Nie znaleziono quizów pasujących do podanych kryteriów
Rozkład punktacji
Procent ludzi z każdym wynikiem
Percentyl według liczby udzielonych odpowiedzi
Twoja historia wyników
Nie rozwiązałeś tego quizu